Govt. of
Madhya Pradesh

Journalism in Modern India (Record no. 36273)

MARC details
000 -LEADER
fixed length control field 004440000a22001690004500
003 - CONTROL NUMBER IDENTIFIER
control field MACL
005 - DATE AND TIME OF LATEST TRANSACTION
control field 20151227144313.0
008 - FIXED-LENGTH DATA ELEMENTS--GENERAL INFORMATION
fixed length control field 151227b xxu||||| |||| 00| 0 eng d
040 ## - CATALOGING SOURCE
Original cataloging agency MACL
Transcribing agency macl
041 ## - LANGUAGE CODE
Language code of text/sound track or separate title English
082 ## - DEWEY DECIMAL CLASSIFICATION NUMBER
Classification number 070.54/WOL
100 ## - MAIN ENTRY--PERSONAL NAME
Personal name Wolseley, Roland e
9 (RLIN) 23318
245 ## - TITLE STATEMENT
Title Journalism in Modern India
260 ## - PUBLICATION, DISTRIBUTION, ETC. (IMPRINT)
Name of publisher, distributor, etc. Asia Publishing House
Date of publication, distribution, etc. 1964
Place of publication, distribution, etc. New Delhi
650 ## - SUBJECT ADDED ENTRY--TOPICAL TERM
Topical term or geographic name as entry element Journalisham
9 (RLIN) 23319
942 ## - ADDED ENTRY ELEMENTS (KOHA)
Koha item type Books
Call number prefix 070.54/Wol
Source of classification or shelving scheme
Holdings
Withdrawn status Lost status Source of classification or shelving scheme Damaged status Not for loan Home library Current library Date acquired Total Checkouts Full call number Barcode Date last seen Uniform Resource Identifier Price effective from Koha item type
          MACL MACL 15/04/2015   070.54/Wol CLE015366 29/04/2015 36482 15/04/2015 Books